00652nam a22001817a 450000500170000000800410001704100080005808200230006610000190008924500400010826000520014830000090020050000250020950000150023494200070024999900190025695201950027520250426110526.0250426b |||||||| |||| 00| 0 eng d amar a891.46bSON B22593 aSoni S9211652 aBharatachi Ujjwal Vidnyan Parampara aPunebBharatiya Vichar Sadhana Prakashan c2024 a206p aMarathi Literature  aLiterature cBK c365976d365976 00102ddc4070aHIMRbHIMRd2025-03-17eBharatiya Vichar Sadhana Foundation g200.00iHO/IN/579l0o891.46 SON B22593pHIMR-BK-22593r2025-04-26 00:00:00t30v140.00w2025-03-11yBKzB22593